Syria City Quiz - Statistics

General Stats
  • This quiz has been taken 212 times
  • The average score is 5 of 7
Answer Stats
City % Correct
Damascus
98%
Aleppo
96%
Homs
87%
Hama
72%
Latakia
67%
Deir ez-Zor
29%
Ar-Rakka
15%
No matching quizzes found
Score Distribution
Percent of People with Each Score
Percentile by Number Answered
Your Score History
You have not taken this quiz